Management of International Institutions and NGOs (Record no. 43510)
[ view plain ]
| 000 -LEADER | |
|---|---|
| fixed length control field | 00562nam a22001817a 4500 |
| 005 - DATE AND TIME OF LATEST TRANSACTION | |
| control field | 20250401164015.0 |
| 008 - FIXED-LENGTH DATA ELEMENTS--GENERAL INFORMATION | |
| fixed length control field | 250401b |||||||| |||| 00| 0 eng d |
| 020 ## - INTERNATIONAL STANDARD BOOK NUMBER | |
| International Standard Book Number | 9781138282933 |
| 041 ## - LANGUAGE CODE | |
| Language code of text/sound track or separate title | eng |
| 082 ## - DEWEY DECIMAL CLASSIFICATION NUMBER | |
| Classification number | 352.11 MIS |
| 100 ## - MAIN ENTRY--PERSONAL NAME | |
| Author | Missoni, Eduardo |
| 245 ## - TITLE STATEMENT | |
| Title | Management of International Institutions and NGOs |
| 260 ## - PUBLICATION, DISTRIBUTION, ETC. | |
| Place | London |
| Publisher | Routledge |
| Publication Year | 2017 |
| 300 ## - PHYSICAL DESCRIPTION | |
| Extent | 442;. pages: 23 cm |
| 650 ## - SUBJECT ADDED ENTRY--TOPICAL TERM | |
| Subject | International Agencies-Management; Non-Governmental Organizations; Management; International Cooperation |
| 700 ## - ADDED ENTRY--PERSONAL NAME | |
| Co-Author | Alesani, Daniele |
| 942 ## - ADDED ENTRY ELEMENTS (KOHA) | |
| Koha item type | Books |
| Withdrawn status | Lost status | Source of classification or shelving scheme | Damaged status | Not for loan | Home library | Current library | Shelving location | Accession Date | Vendor | Price | Bill number | Total Checkouts | Full call number | Barcode No | Date last seen | Discount | Bill Date | Koha item type | Suggested By |
|---|---|---|---|---|---|---|---|---|---|---|---|---|---|---|---|---|---|---|---|
| Dewey Decimal Classification | IMTN | IMTN | Rack 15-A | 03/26/2025 | Raghav Books Private Limited | 1450.00 | 2374 | 352.11 MIS | 33792 | 04/01/2025 | 30 | 02/14/2025 | Books | Dr. Mantha Raghu (Head Librarian) |